000 01181cab a2200289 4500
001 ABS50862
008 090401t1994 xxu||||| |||| 00| 0 eng d
035 _a(Sirsi) u79613
041 _aeng
100 _aSmithers, T.
245 4 _aThe waste management regime
260 _c1994
350 _a0
490 _aEstates Gazette
_v(9426) 2 July 1994, 127-130(4)
520 _aReviews the waste management regime which came into force 1 May 1994 in the context of Europe as well as UK government policy. Examines the duty of care provisions, and explains how the Environmental Protection Act 1990 part II, addresses previous shortcomings in relation to waste management. Advises property professionals to acquire a working knowledge of the new regime.
650 _aCONTROL OF POLLUTION ACT 1974
650 _aENVIRONMENTAL PROTECTION ACT 1990
650 _aWAMITAB
650 _aWASTE DISPOSAL AUTHORITY
650 _aWASTE DISPOSAL
650 _aWASTE MANAGEMENT INDUSTRY TRAINING AND ADVISORY BOARD
650 _aWASTE MANAGEMENT
650 _aWASTE REGULATION AUTHORITY
690 _aENVIRONMENTAL AND LAND CONSULTANCY
942 _n0
948 _c04/03/1997
999 _c50062
_d50062